000 00452nam a22001577a 4500
005 20251108170759.0
008 250721s1997 xx 000 0 ara d
082 1 4 _a956.093/زعب
100 1 _aالزعبي، موسى
245 1 0 _aكيف زيف اليهود الكتب المقدسة /
264 1 _aبيروت :
_bالمنارة،
_c1997.
650 1 7 _aاليهود
650 1 7 _aالكتب المقدسة
942 _2ddc
_cBK
999 _c48804
_d48804